00581nam a22001817a 450000500170000001000140001702000260003103500130005703700130007008200100008310000250009324501180011826000390023627000430027530000330031865000280035170000200037920100805114114.0 aENG-98272 a9788190908115c125.00 aEN-81805 bDBAD/PUB a519.5 aGiri, Prasanta Kumar aIntroduction to business statistics :bfor second semester of WBUT /cby Prasanta Kumar Giri [and] Jiban Banerjee aKolkatabAcademic Publishersc2010 a5A Bhawani Dutta LanebKolkatae700073 avii,209p.:bill.c22cm (pbk) aStatistical Mathematics aBanerjee, Jiban